Memorial de Tabarka / (Registro nro. 13251)

Detalles MARC
000 -LEADER
fixed length control field 00573nam a22002177a 4500
003 - CONTROL NUMBER IDENTIFIER
control field DO-SdBNP
005 - DATE AND TIME OF LATEST TRANSACTION
control field 20180202112244.0
008 - FIXED-LENGTH DATA ELEMENTS--GENERAL INFORMATION
fixed length control field 180202b 1997 sp ||||| |||| 00| 0 spa d
020 ## - INTERNATIONAL STANDARD BOOK NUMBER
International Standard Book Number 8476297815
040 ## - CATALOGING SOURCE
Original cataloging agency BPMSU
Language of cataloging spa
Transcribing agency BPMSU
100 1# - MAIN ENTRY--PERSONAL NAME
Personal name Pons, Ponç
245 10 - TITLE STATEMENT
Title Memorial de Tabarka /
Statement of responsibility, etc. Ponç Pons.
250 ## - EDITION STATEMENT
Edition statement 5a ed.
260 ## - PUBLICATION, DISTRIBUTION, ETC. (IMPRINT)
Place of publication, distribution, etc. Barcelona :
Name of publisher, distributor, etc. Cruïlla,
Date of publication, distribution, etc. 1997.
300 ## - PHYSICAL DESCRIPTION
Extent 143 p.
Dimensions 22 cm.
490 1# - SERIES STATEMENT
Series statement Gran angular
Volume/sequential designation 53
830 #0 - SERIES ADDED ENTRY--UNIFORM TITLE
Name of part/section of a work Gran angular
Volume number/sequential designation 53
942 ## - ADDED ENTRY ELEMENTS (KOHA)
Source of classification or shelving scheme Dewey Decimal Classification
Koha item type Libros
945 ## - LOCAL PROCESSING INFORMATION (OCLC)
a Inventariado, 2018 /LP
956 ## - LOCAL ELECTRONIC LOCATION AND ACCESS (OCLC)
Host name LOPEREZ
Access number 10
Compression information 20180202
Existencias
Withdrawn status Lost status Source of classification or shelving scheme Damaged status Not for loan Collection code Home library Current library Date acquired Source of acquisition Total Checkouts Barcode Date last seen Price effective from Koha item type
    Dewey Decimal Classification     Colección General Biblioteca Pública Metropolitana Salomé Ureña Biblioteca Pública Metropolitana Salomé Ureña 02/02/2018 FUNDI   BPMSU18020024 02/02/2018 02/02/2018 Libros